000 00691nam a2200217 4500
999 _c164583
_d164583
005 20190523112252.0
010 _aB-220442
020 _a8177648543
035 _aB-220442
037 _bDBAD/PUB
082 _a530.42
100 _aMarch,N.H.
245 _aIntroduction to liquid state physics/
_cN.H.March [and] M.P.Tosi
260 _aNew delhi
_bAllied publishers Pvt. Ltd.
_c2002
270 _a1/13-14 Asaf ali road ,
_bNew delhi
_e110002
300 _axvii,431p.
_bill.
_c24cms(hbk)
500 _aIt includes index
700 _aTosi,M.P.
942 _2ddc
_cEN
_h530.42
_mMAR